| 000 | 00848cam a2200241 a 4500 | ||
|---|---|---|---|
| 999 |
_c6892 _d6892 |
||
| 001 | 11747 | ||
| 003 | BD-DhUAP | ||
| 005 | 20210117124002.0 | ||
| 008 | 200301s2006 bg abf b f000 0 eng | ||
| 020 | _a9843232283 | ||
| 040 |
_aBD-DhUAP _cBD-DhUAP _dBD-DhUAP _bEng |
||
| 082 |
_a305.42095492 HUQ _223 |
||
| 100 | _aHuq-Hussain, Shahnaz. | ||
| 245 |
_aGender atlas of Bangladesh / _cShahnaz Huq-Hussain, Amanat Ullah Khan and Janet Henshall Momsen. |
||
| 260 |
_aBangladesh : _bGeographical Solutions Research Center, _cc2006. |
||
| 300 |
_avii, 136 pages : _billustrations ; _c25 cm. |
||
| 504 | _aIncludes bibliographical references and index. | ||
| 650 | _aWomen in development -- Bangladesh. | ||
| 700 | _aKhan, Amanat Ullah. | ||
| 710 | _aMomsen, Janet Henshall. | ||
| 942 |
_2ddc _cREF |
||